Central Library OPAC University of Rajshahi

আয়কর : (Record no. 36745)

MARC details
000 -LEADER
fixed length control field 00816nam a22002297a 4500
001 - CONTROL NUMBER
control field 36745
003 - CONTROL NUMBER IDENTIFIER
rucl marc code BD-RjUL
005 - DATE AND TIME OF LATEST TRANSACTION
control field 20211209052532.0
008 - FIXED-LENGTH DATA ELEMENTS--GENERAL INFORMATION
fixed length control field 140827s2000 bg a|||| |||| 00| 0 ben d
035 ## - SYSTEM CONTROL NUMBER
System control number (BD-RjUL)36847
040 ## - CATALOGING SOURCE
Original cataloging agency BD-RjUL
Language of cataloging ben
Transcribing agency BD-RjUL
041 ## - LANGUAGE CODE
Language code of text/sound track or separate title ben
082 ## - DEWEY DECIMAL CLASSIFICATION NUMBER
Classification number 336.24
Author mark and year ULA 200
100 ## - MAIN ENTRY--PERSONAL NAME
Personal name উল্লাহ্, মো : ওয়ালী
9 (RLIN) 112080
245 ## - TITLE STATEMENT
Title আয়কর :
Remainder of title (মূল্য সংযোজন করসহ) /
Statement of responsibility, etc. মো : ওয়ালী উল্লাহ্
250 ## - EDITION STATEMENT
Edition statement ৪র্থ সং.
260 ## - PUBLICATION, DISTRIBUTION, ETC. (IMPRINT)
Place of publication, distribution, etc. ঢাকা :
Name of publisher, distributor, etc. আবীদ পাবলিকেশনস,
Date of publication, distribution, etc. ২০০০
300 ## - PHYSICAL DESCRIPTION
Pagination ৬৩৪ পৃ. :
Illustrations চিত্র ;
Size ২০ সেমি.
650 ## - SUBJECT ADDED ENTRY--TOPICAL TERM
Topical term or geographic name as entry element আয়কর
9 (RLIN) 112081
Topical term or geographic name as entry element Income taxes
9 (RLIN) 112082
942 ## - ADDED ENTRY ELEMENTS (KOHA)
Source of classification or shelving scheme Dewey Decimal Classification
Koha item type Books
Holdings
Lost status Source of classification or shelving scheme Damaged status Not for loan Collection code Permanent Location Current Location Shelving location Date acquired Source of acquisition Cost, normal purchase price Total Checkouts Full call number Date last seen Copy number Koha item type
  Dewey Decimal Classification   Not For Loan Non-fiction Central Library, University of Rajshahi Central Library, University of Rajshahi Reading Room 24/04/2007 Library 110.00   B 336.24 ULA 200 27/08/2014 C-1 Books